000 00738nam a2200229Ia 4500
003 GCL
008 140319s9999 xx 000 0 ara d
020 _a757241977
040 _aGCL /
_cGCL
082 0 4 _a813.923
_bع ر
100 1 _aعبدالرحيم الكردى
245 1 0 _aالراوى والنص القصصى /
_cعبدالرحيم الكردى
250 _aالاولى
260 _aالقاهرة :
_bمكتبة الاداب ،
_c2006
300 _a175ص ؛
_c24سم
650 0 4 _aفن كتابة القصة
650 0 4 _aالسرد الادبى
650 0 4 _aالقصة العربية - تاريخ ونقد
650 0 4 _aالقصة - تاريخ ونقد
650 0 4 _aالقصة - الرواة
942 _2ddc
_cBK
999 _c9543
_d9543